Northwestern University Law Review

Bibliographic Details
Format: Unknown
Language:English
Published: Chicago : Northwestern University School of Law
Subjects:
Online Access:Acceso restringido

MARC

LEADER 00000ny a22000003n 4500
005 20110512142136.0
008 100323c19uu9999us zr p 0 ub1eng d
022 |a 0029-3571 
035 |a 4041 
040 |a BUH  |d vLex 
080 |a 34 (773) 
090 |c 1801  |d 1801 
245 0 0 |a Northwestern University Law Review  |h [Recurso electrn̤ico] 
256 |a Servicio en ln̕ea 
260 |a Chicago :  |b Northwestern University School of Law 
310 |a Irregular 
310 |a Trimestral 
506 1 |a Contenido solo disponible en los productos indicados  |d vLex Global  |d vLex Global (Academic Edition, excluding Law Schools)  |d vLex Global (U.S. Academic Edition, excluding Law Schools) 
650 0 4 |a Derecho  |z Estados Unidos 
650 0 4 |a Universidades  |z Estados Unidos  |x Legislacin̤ 
740 0 |a vLex Revista (Servicios en ln̕ea) 
843 |a Electrn̤ica. Abierta 
853 |8 1  |i (year)  |j (month)  |k (day) 
856 4 0 |u http://vlex.com/source/4041  |z Acceso restringido 
942 |c REV 
999 7 |a Derecho  |z Estados Unidos.